000 01049nam a2200217 a 4500
001 001133763
003 AM-YeHGA
005 20250617152106.0
008 160309s1976 ||| r 000 0 rus d
040 _aAM-YeHGA
041 0 _arus
245 0 0 _aКурсовые работы по теоретической механике :
_bКинематика; Задания и методические указания /
_cМ.Е. Блинников, А.М. Бурлакова, М.Г. Григорьев и др.; Владимирский политехн. ин-т; Под общ. ред. М.Е. Блинникова.
260 _aВладимир :
_bБ. и.,
_c1976.
300 _a72 с. :
_bил.
653 0 _aМеханика теоретическая - Курсовые работы
700 1 _aБлинников, М.Е.
_eавт.
_4aut
_eред.
_4edt
700 1 _aБурлакова, А.М.
700 1 _aГригорьев, М.Г.
710 2 _aВладимирский политехнический институт
090 _c365757
999 _c363903
_d363903